[Event "45th Olympiad 2024"]
[Site "Budapest HUN"]
[Date "2024.09.15"]
[Round "5.14"]
[Board "4"]
[White "Pantzar, Milton"]
[Black "Hovhannisyan, Robert"]
[Result "1/2-1/2"]
[WhiteElo "2437"]
[BlackElo "2619"]
[PlyCount "49"]
[EventDate "2024.09.11"]
[WhiteTeam "Sweden"]
[BlackTeam "Armenia"]
[WhiteTeamCountry "SWE"]
[BlackTeamCountry "ARM"]

1. d4 d5 2. c4 e6 3. Nc3 Nf6 4. cxd5 exd5 5. Bg5 c6 6. e3 Bf5 7. Qf3 Bg6 8. Bxf6 Qxf6 9. Qxf6 gxf6 10. h4 Nd7 11. h5 ({RR} 11. Kd2 Nb6 12. b3 Bb4 13. a3 Be7 14. h5 Bf5 15. Bd3 Bxd3 16. Kxd3 Rg8 17. g3 Nc8 18. Nge2 Nd6 19. Nf4 Kd7 20. a4 f5 21. Ke2 Ne4 22. Rac1 Bb4 23. Na2 Bd6 24. Nd3 Rae8 25. b4 Bxg3 {1-0 Ambartsumova,K (2418)-Skrondal,I (2292) Titled Tue 19th Mar Late 2024 (9)}) 11... Bf5 12. h6 $146 ({RR} 12. Kd2 Rg8 13. g3 Be6 14. Bd3 f5 15. Nge2 Nf6 16. Nf4 Bd6 17. Rh3 Rg5 18. Rah1 Ke7 19. f3 Rag8 20. Nce2 Bd7 21. Ke1 Kd8 22. Kf2 h6 23. Bc2 Re8 24. Rh4 Re7 25. Ng2 Re8 26. Ngf4 Reg8 {½-½ Agrest,E (2545)-Nickoloff,B (2410) Olympiad-33 Elista 1998 (2.2)}) ({RR} 12. Nge2 Bd6 13. f4 h6 14. Ng3 Bh7 15. Rd1 Nb6 16. a3 Kd7 17. Kf2 f5 18. Bd3 Ke6 19. Rc1 a5 20. Nf1 a4 21. Nd2 Nd7 22. Bc2 b5 23. Nf3 Nb6 24. Ne1 Nc4 25. Nd3 Rae8 26. Bb1 Kd7 {½-½ Nakamura,H (2787)-Naiditsch,A (2709) Olympiad-41 Tromsoe 2014 (9.1)}) ({RR} 12. Nf3 a5 13. Nh4 Be6 14. Bd3 a4 15. O-O a3 16. b3 Bb4 17. Ne2 Nb6 18. f3 O-O 19. Kf2 Nc8 20. g4 Nd6 21. Rac1 Rfe8 22. Rc2 Rac8 23. h6 Kh8 24. Nf4 c5 25. dxc5 Bxc5 26. Rfc1 Bb6 {½-½ Knaak,R (2520)-Filip,M (2495) Rubinstein Memorial-14 1976 (12)}) ({RR} 12. f3 h6 13. g4 Bh7 14. Kd2 f5 15. gxf5 Bxf5 16. Bd3 Be6 17. Nge2 Bd6 18. e4 O-O-O 19. Raf1 dxe4 20. fxe4 Rhg8 21. Rhg1 Rxg1 22. Rxg1 Be7 23. Kc2 Nf6 24. Nf4 Rxd4 {½-½ Mamedyarov,S (2765)-Bruzon Batista,L (2673) Baku op-A 2011 (9)}) 12... Rg8 13. Nge2 Rg6 14. Ng3 Be6 15. Bd3 Rxh6 16. Rxh6 Bxh6 17. f4 Nb6 18. Kf2 Bf8 19. Rh1 h6 20. f5 Bd7 21. Nh5 Be7 22. Nf4 Bf8 23. Nh5 Be7 24. Nf4 Bf8 25. Nh5 1/2-1/2

[Event "45th Olympiad 2024"]
[Site "Budapest HUN"]
[Date "2024.09.15"]
[Round "5.15"]
[Board "1"]
[White "Deac, Bogdan-Daniel"]
[Black "Makhnev, Denis"]
[Result "1/2-1/2"]
[WhiteElo "2680"]
[BlackElo "2551"]
[PlyCount "100"]
[EventDate "2024.09.11"]
[WhiteTeam "Romania"]
[BlackTeam "Kazakhstan"]
[WhiteTeamCountry "ROU"]
[BlackTeamCountry "KAZ"]

1. e4 e5 2. Nf3 Nc6 3. Bb5 a6 4. Ba4 Nf6 5. O-O Be7 6. Re1 b5 7. Bb3 O-O 8. h3 Bb7 9. d3 d6 10. a3 Nb8 11. Nbd2 Nbd7 12. Nf1 Nc5 13. Ba2 Ne6 14. b4 ({RR} 14. g4 Re8 15. Ng3 g6 16. Be3 c5 17. c3 Rc8 18. g5 Nd7 19. h4 c4 20. d4 d5 21. Nxe5 dxe4 22. Ng4 Bf8 23. d5 Nc7 24. Bb1 Bxd5 25. Bxe4 Bxe4 26. Qxd7 Nd5 27. Qxd8 Rcxd8 28. Bb6 Nxb6 {1-0 Aditya,M (2594)-Efimenko,Z (2568) Jubilaeumsturnier 125 2024 (5.1)}) 14... Re8 15. Ng3 Bf8 16. Ng5 $146 ({RR} 16. Bb2 g6 17. c4 Bg7 18. Rc1 Nd7 19. d4 exd4 20. Nxd4 Nxd4 21. Bxd4 Ne5 22. c5 dxc5 23. Rxc5 Re7 24. Ne2 Rd7 25. Qc2 Qe7 26. Qc3 Re8 27. Bb1 f5 28. Qb3+ Nc4 29. Bxg7 Qxg7 30. Bd3 Kh8 {½-½ Granda Zuniga,J (2612)-Ponomariov,R (2723) Zafra Ruy Lopez op 1st rapid 2007 (6)}) ({RR} 16. c3 c5 17. Ng5 d5 18. Nxe6 Rxe6 19. bxc5 Bxc5 20. d4 Bb6 21. Bg5 h6 22. exd5 Bxd5 23. Bxf6 Rxf6 24. Rxe5 Bxa2 25. Rxa2 Bc7 26. Re3 Bf4 27. Rf3 Bxg3 28. Rxg3 Rc8 29. a4 Rfc6 30. axb5 axb5 {1-0 Kosintseva,N (2460)-Zhao,X (2522) CHN-RUS Summit (Women) 5th 2008 (2)}) 16... Nxg5 17. Bxg5 h6 18. Bxf6 Qxf6 19. Re3 Qd8 20. Qh5 d5 21. exd5 Bxd5 22. Bxd5 Qxd5 23. Ne4 Re6 24. Qf3 Qc6 25. c4 Rd8 26. Rae1 a5 27. bxa5 bxc4 28. dxc4 Qa4 29. Rd3 Rxd3 30. Qxd3 Qxa5 31. Ra1 Ra6 32. a4 Qb4 33. Qc2 f5 34. Ng3 g6 35. Nf1 Bc5 36. Qd2 Qxd2 37. Nxd2 Rd6 38. Ra2 Bb4 39. Nf1 Kf7 40. Ne3 Rc6 41. a5 Bc5 42. Nd5 Ba7 43. Ra4 Ke6 44. a6 Kd7 45. Nc3 Kc8 46. Nb5 Kb8 47. Kf1 Rb6 48. f3 c6 49. Nxa7 Kxa7 50. Ra5 e4 1/2-1/2

[Event "45th Olympiad 2024"]
[Site "Budapest HUN"]
[Date "2024.09.15"]
[Round "5.15"]
[Board "2"]
[White "Nogerbek, Kazybek"]
[Black "Shevchenko, Kirill"]
[Result "1/2-1/2"]
[WhiteElo "2519"]
[BlackElo "2673"]
[PlyCount "119"]
[EventDate "2024.09.11"]
[WhiteTeam "Kazakhstan"]
[BlackTeam "Romania"]
[WhiteTeamCountry "KAZ"]
[BlackTeamCountry "ROU"]

1. d4 d5 2. c4 e6 3. Nf3 Nf6 4. Nc3 c6 5. cxd5 exd5 6. Bg5 h6 7. Bh4 Be7 8. Qc2 Bg4 9. Ne5 Be6 10. e3 Nbd7 11. Nxd7 ({RR} 11. Nd3 Ne4 12. Bxe7 Qxe7 13. Nxe4 dxe4 14. Nf4 Bd5 15. Nxd5 cxd5 16. Be2 O-O 17. Rc1 Qb4+ 18. Qc3 Qxc3+ 19. Rxc3 Rac8 20. Kd2 Nb6 21. Rhc1 Rxc3 22. Rxc3 Rc8 23. Rxc8+ Nxc8 24. Kc3 a5 25. b4 axb4+ {1-0 Orzech,D (2250)-Castillo Pena,P (1910) Titled Tue 14th May Early 2024 (1)}) 11... Qxd7 $146 ({RR} 11... Nxd7 12. Bxe7 Qxe7 13. h4 a5 14. Rd1 O-O 15. Be2 b5 16. g3 a4 17. Kf1 Nb6 18. Kg2 Rfc8 19. Bf3 Qd7 20. Ne2 Bf5 21. Qc5 Nc4 22. b3 Nb2 23. Ra1 Nd3 24. Qc3 Be4 25. Nf4 Nxf4+ 26. exf4 {0-1 Dzhuguryan,T (2203)-Baum,J (2287) EU-ch Rapid Katowice 2021 (5)}) 12. Bd3 O-O 13. O-O Rfe8 14. Rab1 Ng4 15. Bg3 Bd6 16. Ne2 Bxg3 17. Nxg3 Qd6 18. Be2 h5 19. Bxg4 Bxg4 20. h3 h4 21. Nf5 Bxf5 22. Qxf5 a5 23. Rfe1 Re4 24. f3 Re6 25. Qg5 Qg3 26. Qxg3 hxg3 27. e4 dxe4 28. Rxe4 Rd8 29. Rd1 c5 30. Kf1 Rb6 31. b3 Rbd6 32. Ke2 cxd4 33. Rc1 a4 34. b4 f5 35. Re5 Rd5 36. Rxd5 Rxd5 37. Rc8+ Kf7 38. Rc7+ Kf6 39. Rxb7 Re5+ 40. Kd2 a3 41. Rb6+ Ke7 42. Rc6 g5 43. Rc5 Rxc5 44. bxc5 Ke6 45. Kd3 Kd5 46. c6 Kxc6 47. Kxd4 Kd6 48. Ke3 f4+ 49. Kd4 Ke6 50. Ke4 Kf6 51. h4 gxh4 52. Kxf4 h3 53. Kxg3 hxg2 54. Kxg2 Kf5 55. Kf2 Kf4 56. Ke2 Kf5 57. Ke3 Ke5 58. Kd3 Kf4 59. Kc3 Kxf3 60. Kb3 1/2-1/2

[Event "45th Olympiad 2024"]
[Site "Budapest HUN"]
[Date "2024.09.15"]
[Round "5.15"]
[Board "3"]
[White "Nisipeanu, Liviu-Dieter"]
[Black "Zhalmakhanov, Ramazan"]
[Result "1/2-1/2"]
[WhiteElo "2580"]
[BlackElo "2497"]
[PlyCount "55"]
[EventDate "2024.09.11"]
[WhiteTeam "Romania"]
[BlackTeam "Kazakhstan"]
[WhiteTeamCountry "ROU"]
[BlackTeamCountry "KAZ"]

1. e4 e5 2. Nf3 Nc6 3. Bc4 Nf6 4. d3 Be7 5. O-O O-O 6. Nc3 d6 7. a3 Be6 8. Nd5 Bxd5 ({RR} 8... h6 9. Re1 Re8 10. b4 Bf8 11. Nxf6+ Qxf6 12. Bxe6 Qxe6 13. c4 g6 14. Be3 Bg7 15. b5 Ne7 16. Rc1 f5 17. a4 Kh7 18. a5 a6 19. Bd2 Rf8 20. bxa6 bxa6 21. c5 d5 22. c6 fxe4 23. dxe4 {0-1 Firouzja,A (2777)-So,W (2753) chess.com SpeedChess 2023 (2.3)}) 9. exd5 Nb8 10. Re1 c6 $146 ({RR} 10... Nbd7 11. d4 exd4 12. Qxd4 Re8 13. Bd2 a6 14. a4 Bf8 15. Rxe8 Qxe8 16. Re1 Qb8 17. a5 g6 18. b4 Bg7 19. Qf4 Qf8 20. h3 Re8 21. Rxe8 Qxe8 22. Qe3 Qxe3 23. Bxe3 Ne4 24. Nd4 Nc3 25. Kf1 {1-0 Tregubov,P (2553)-Gozzoli,Y (2575) ch-FRA Blitz 2023 (6.3)}) ({RR} 10... Nbd7 11. d4 e4 12. Nd2 Nb6 13. Bb3 Nfxd5 14. Nxe4 Nf6 15. c3 Nxe4 16. Rxe4 d5 17. Re5 Bf6 18. Rh5 c6 19. Bc2 g6 20. Qg4 Bg7 21. Rh3 Re8 22. Bg5 Qd7 23. Qh4 h5 24. Rg3 Qe6 25. h3 {0-1 Goryachkina,A (2553)-Aashman,G (2235) Titled Tue 9th Jan Early 2024 (11)}) ({RR} 10... Nbd7 11. Bb3 Re8 12. c3 Bf8 13. h3 g6 14. Be3 Bg7 15. d4 e4 16. Nd2 Nh5 17. g4 Nhf6 18. c4 h5 19. Bc2 hxg4 20. hxg4 Nb6 21. b3 c6 22. g5 Nh5 23. dxc6 bxc6 24. Bxe4 d5 25. Bf3 {1-0 Kozak,A (2571)-Budrewicz,K (2184) Titled Tue 20th Jun Early 2023 (2)}) 11. dxc6 bxc6 12. b4 Nbd7 13. Bb3 a5 14. Bd2 Qc7 15. c4 Rfe8 16. Qc2 c5 17. bxa5 Bd8 18. Ba4 Qc8 19. a6 Rxa6 20. Bb5 Ra8 21. a4 Re7 22. Bg5 Re6 23. Bxf6 Nxf6 24. Ng5 Re7 25. Ne4 Re6 26. Ng5 Re7 27. Ne4 Re6 28. Ng5 1/2-1/2

[Event "45th Olympiad 2024"]
[Site "Budapest HUN"]
[Date "2024.09.15"]
[Round "5.15"]
[Board "4"]
[White "Ansat, Aldiyar"]
[Black "Parligras, Mircea-Emilian"]
[Result "0-1"]
[WhiteElo "2457"]
[BlackElo "2537"]
[PlyCount "120"]
[EventDate "2024.09.11"]
[WhiteTeam "Kazakhstan"]
[BlackTeam "Romania"]
[WhiteTeamCountry "KAZ"]
[BlackTeamCountry "ROU"]

1. e4 e5 2. Nf3 Nc6 3. Bb5 Nf6 4. d3 Bc5 5. Ba4 O-O 6. O-O d6 7. c3 Ne7 8. h3 Ng6 9. Bc2 d5 10. d4 Bb6 11. Bg5 $146 ({RR} 11. exd5 exd4 12. cxd4 Nxd5 13. Nc3 Ndf4 14. Re1 Be6 15. Bxf4 Nxf4 16. Qd2 Qf6 17. h4 Nh3+ 18. Kh1 Rad8 19. Ne4 Qf4 20. Qxf4 Nxf4 21. g3 Ng6 22. h5 Bg4 23. Nh2 Bxh5 24. g4 Bxg4 25. Nxg4 f5 {½-½ Yu Yangyi (2728)-Dvirnyy,D (2530) 3rd elllobregat Open 2022 (9.3)}) ({RR} 11. exd5 exd4 12. cxd4 Nxd5 13. Nc3 c6 14. Re1 Ndf4 15. Bxg6 Nxg6 16. d5 cxd5 17. Bg5 f6 18. Be3 Ba5 19. Qb3 Bxc3 20. bxc3 b6 21. Rad1 Be6 22. Bxb6 Qxb6 23. Qxb6 axb6 24. Rxe6 Rxa2 25. Rxb6 Nf4 {½-½ Adams,M (2676)-Ponomariov,R (2646) 7th Salamanca Masters 2024 (2.3)}) 11... dxe4 12. Nxe5 Nxe5 13. dxe5 Qxd1 14. Rxd1 Nd7 15. Bxe4 Nxe5 16. Nd2 Re8 17. Re1 c6 18. Bf4 f6 19. Bxe5 Rxe5 20. Nc4 Re6 21. Nxb6 axb6 22. Rad1 Kf7 23. g4 g6 24. a3 Re7 25. f4 Ra4 26. Bc2 Rxe1+ 27. Rxe1 Rxf4 28. Kg2 f5 29. g5 h6 30. gxh6 Rh4 31. Bb3+ Kf8 32. Rd1 Ke7 33. Re1+ Kf8 34. Rd1 Ke7 35. Re1+ Kd8 36. Bf7 Rxh6 37. Re8+ Kc7 38. Rg8 f4 39. Bxg6 Bxh3+ 40. Kf3 Be6 41. Rg7+ Kd6 42. Kxf4 Rh2 43. Rxb7 Rxb2 44. Ke3 Kc5 45. Be4 Bc4 46. Bd3 Bd5 47. Ra7 b5 48. Ra6 Ra2 49. Be4 Bxe4 50. Kxe4 Rh2 51. Kd3 Rh4 52. Ra8 Rh3+ 53. Kc2 Kc4 54. Rc8 c5 55. Rg8 Rh2+ 56. Kc1 Kb3 57. Rb8 Kxc3 58. Kb1 b4 59. axb4 c4 60. Rh8 Rxh8 0-1

[Event "45th Olympiad 2024"]
[Site "Budapest HUN"]
[Date "2024.09.15"]
[Round "5.16"]
[Board "1"]
[White "Garcia Pantoja, Roberto"]
[Black "Rodshtein, Maxim"]
[Result "1/2-1/2"]
[WhiteElo "2550"]
[BlackElo "2600"]
[PlyCount "88"]
[EventDate "2024.09.11"]
[WhiteTeam "Colombia"]
[BlackTeam "Israel"]
[WhiteTeamCountry "COL"]
[BlackTeamCountry "ISR"]

1. e4 c5 2. Nf3 d6 3. Bb5+ Bd7 4. Bxd7+ Nxd7 5. O-O e6 6. Qe2 Ngf6 7. c3 Be7 8. d4 O-O 9. e5 Ne8 10. Qe4 cxd4 11. cxd4 dxe5 12. dxe5 Nc5 13. Qg4 Qd3 14. Nc3 Nc7 15. Rd1 Qf5 16. Qc4 $146 ({RR} 16. Qxf5 exf5 17. Be3 Rfd8 18. Nd4 g6 19. Ndb5 Nxb5 20. Nxb5 Nd3 21. b3 a6 22. Bb6 axb5 23. Bxd8 Rxd8 24. Rd2 Nxe5 25. Rad1 Rxd2 26. Rxd2 b4 27. Rd5 Nc6 28. Rb5 Nd8 {0-1 Warmerdam,M (2506)-Abdusattorov,N (2627) Titled Tuesday intern op 30th June blitz 2020 (3)}) 16... Rfc8 17. Be3 N5a6 18. Rd7 Bf8 19. Qh4 h6 20. a3 Nc5 21. Bxc5 Bxc5 22. Rad1 Bf8 23. h3 Na6 24. Ne4 Nc5 25. Ng3 Qc2 26. R7d2 Qg6 27. Rd4 Rc7 28. b4 Be7 29. Qf4 Na4 30. Qd2 Rc2 31. Qe1 Nc3 32. R1d2 Rxd2 33. Qxd2 Nd5 34. Rg4 Qb1+ 35. Kh2 Kh7 36. Nh5 g6 37. Nf4 Rd8 38. Nxd5 Rxd5 39. Qc3 Qd3 40. Qc8 Rd7 41. Qe8 Kg7 42. Nd4 Rxd4 43. Qxe7 Rxg4 44. hxg4 Qxa3 1/2-1/2

[Event "45th Olympiad 2024"]
[Site "Budapest HUN"]
[Date "2024.09.15"]
[Round "5.16"]
[Board "2"]
[White "Gorshtein, Ido"]
[Black "Cardoso Cardoso, Jose Gabriel"]
[Result "1-0"]
[WhiteElo "2543"]
[BlackElo "2508"]
[PlyCount "89"]
[EventDate "2024.09.11"]
[WhiteTeam "Israel"]
[BlackTeam "Colombia"]
[WhiteTeamCountry "ISR"]
[BlackTeamCountry "COL"]

1. c4 e5 2. g3 c6 3. Nf3 e4 4. Nd4 d5 5. cxd5 Qxd5 6. Nc2 Nf6 7. Nc3 Qe5 8. Bg2 Na6 9. Rb1 Be7 10. b4 O-O 11. Bb2 Qe6 12. a3 ({RR} 12. Ba1 Rd8 13. O-O h5 14. a3 Nc7 15. Ne3 Ncd5 16. Qc2 a5 17. Nxe4 Nxe4 18. Bxe4 axb4 19. Bh7+ Kf8 20. Bf5 Nxe3 21. fxe3 Qd5 22. Bxc8 Raxc8 23. Qh7 f6 24. e4 Qg8 25. Qf5 c5 26. e5 Qf7 {1-0 Gorshtein,I (2540)-Martin,J (2417) 2nd Paphos Int Open 2024 (3.1)}) 12... c5 13. Ba1 $146 ({RR} 13. O-O cxb4 14. axb4 Nxb4 15. Nb5 Nbd5 16. d3 e3 17. Bxf6 Bxf6 18. Bxd5 Qxd5 19. Nc7 Qc6 20. Nxa8 Bh3 21. Nxe3 Rxa8 22. Rc1 Qd7 23. Re1 a5 24. d4 a4 25. Nc2 a3 26. e4 a2 27. Ra1 Be6 {½-½ LCZero 0.31-dag-5350a2e-BT4-6 (3631)-Stockfish dev-20240728-2343f7 (3662) TCEC 26 Balanced Lines 2024 (44.1)}) ({RR} 13. b5 Nc7 14. Ne3 Re8 15. O-O b6 16. f3 Bb7 17. Qc2 Bf8 18. a4 Rad8 19. Rbd1 Rd7 20. fxe4 Nxe4 21. Nf5 Nxc3 22. Qxc3 Nd5 23. Qc1 Ne7 24. Nxe7+ Rdxe7 {½-½ Oberhofer,C (2259)-Ocelak,J (2105) 21st Prague Open 2023 (6.16)}) 13... Rd8 14. O-O h5 15. b5 Nc7 16. Ne3 a6 17. bxa6 Rxa6 18. Qc2 Rxa3 19. Bb2 Ra6 20. Nxe4 Nxe4 21. Bxe4 g6 22. d3 Nb5 23. Nc4 Nd4 24. Bxd4 cxd4 25. Rb5 b6 26. f4 Qf6 27. Rg5 Bh3 28. Rb1 Qe6 29. Re5 Qf6 30. Nd2 Rc8 31. Qd1 Rc5 32. Nf3 Rxe5 33. Nxe5 Ra2 34. Bd5 Be6 35. Bxa2 Bxa2 36. Ra1 Bd5 37. Qa4 Kg7 38. Qd7 Be6 39. Qe8 Bd5 40. Ra7 Bc5 41. Rd7 Be6 42. Rd8 Kh7 43. Nd7 Bxd7 44. Qg8+ Kh6 45. Rxd7 1-0

[Event "45th Olympiad 2024"]
[Site "Budapest HUN"]
[Date "2024.09.15"]
[Round "5.16"]
[Board "3"]
[White "Avila Pavas, Santiago"]
[Black "Nabaty, Tamir"]
[Result "1/2-1/2"]
[WhiteElo "2485"]
[BlackElo "2630"]
[PlyCount "137"]
[EventDate "2024.09.11"]
[WhiteTeam "Colombia"]
[BlackTeam "Israel"]
[WhiteTeamCountry "COL"]
[BlackTeamCountry "ISR"]

1. e4 e5 2. Nf3 Nc6 3. Bc4 Bc5 4. d3 h6 5. c3 d6 6. Nbd2 ({RR} 6. h3 Nge7 7. b4 Bb6 8. a4 a5 9. b5 Nb8 10. Nbd2 Nd7 11. Ba2 Nc5 12. Nc4 Ba7 13. O-O g5 14. Re1 Ng6 15. d4 exd4 16. cxd4 Ne6 17. Nxa5 Nef4 18. Qb3 Be6 19. Qc3 Bxh3 20. gxh3 Qd7 {1-0 Paehtz,E (2489)-Pavlidou,E (2186) GRE-chT 46th 2018 (2.2)}) 6... Nge7 $146 ({RR} 6... Nf6 7. Nf1 Ng4 8. Ne3 Nxe3 9. Bxe3 Bxe3 10. fxe3 Bd7 11. O-O O-O 12. Qe1 Qe7 13. Nh4 Be6 14. Bxe6 Qxe6 15. Qg3 Ne7 16. Nf5 Ng6 17. h4 Qf6 18. Nxh6+ Kh7 19. Rxf6 gxf6 20. Ng4 Rg8 21. Nxf6+ {1-0 Plichta,A (1808)-Stawicki,M Olsztyn Vacation-A/B 2007 (1.5)}) ({RR} 6... Bg4 7. h3 Bh5 8. Nf1 Qf6 9. g4 Bg6 10. Ne3 Qd8 11. Qe2 a6 12. Bb3 Nge7 13. Nh4 Na5 14. Bc2 Ba7 15. Bd2 O-O 16. Nef5 d5 17. c4 c6 18. Nxe7+ Qxe7 19. Bxa5 dxc4 20. dxc4 b6 21. Bc3 {1-0 Garre Montes,M (1944)-Fornells Sendin,F (1612) IV Llinars Int Open 2024 (1.39)}) ({RR} 6... Be6 7. Bb5 Nge7 8. d4 exd4 9. cxd4 Bb6 10. d5 Nxd5 11. exd5 Bxd5 12. O-O O-O 13. Be2 Re8 14. Nc4 Be6 15. Bd2 Bg4 16. Nxb6 axb6 17. Nd4 Be6 18. Nxe6 fxe6 19. Bf3 d5 20. Bc3 Na7 21. Bh5 {1-0 Vitor,A (2302)-Oliveira,D Santo Antonio Honra 2000 (3)}) ({RR} 6... Bg4 7. Qb3 Qd7 8. Qxb7 Rb8 9. Qa6 Nge7 10. Nb3 Bb6 11. Be3 O-O 12. O-O-O Rfd8 13. Bb5 Ra8 14. Qa4 Qe8 15. d4 exd4 16. cxd4 d5 17. Rd2 f6 18. Rc2 dxe4 19. Nfd2 Bd7 20. Nxe4 Nb8 21. Bxd7 {0-1 Frei,N-Mayer,M SJP-ch U15 Bad Duerkheim 1996}) 7. Nf1 O-O 8. Ng3 Be6 9. Bxe6 fxe6 10. b4 Bb6 11. a4 a6 12. Be3 Ng6 13. O-O Qd7 14. Rb1 Rf6 15. d4 exd4 16. cxd4 d5 17. b5 axb5 18. axb5 Nce7 19. Ne5 Nxe5 20. dxe5 Rf7 21. Bxb6 cxb6 22. f4 Raf8 23. Nh5 Ng6 24. Qg4 Kh7 25. g3 dxe4 26. Rfd1 Qe8 27. Rd4 Qc8 28. Rxe4 Rd8 29. Qe2 Rc7 30. Rb2 Rc1+ 31. Kg2 Rdd1 32. Kh3 Qd7 33. Rc2 Rxc2 34. Qxc2 Rd2 35. Qc3 Ne7 36. Rc4 Qd5 37. Rc7 Qg2+ 38. Kg4 Nf5 39. Qf3 Qxh2 40. Qe4 Kh8 41. Rc8+ Kh7 42. Rc7 Rd8 43. Rxg7+ Kh8 44. Rg6 Ra8 45. Qf3 Ra3 46. Nf6 Qxg3+ 47. Qxg3 Rxg3+ 48. Kh5 Rh3+ 49. Kg4 Ne7 50. Kxh3 Nxg6 51. Kg4 Ne7 52. Nd7 Nd5 53. Nf8 Nc7 54. f5 Kg7 55. Nd7 Nxb5 56. fxe6 Nc7 57. Nxb6 Nxe6 58. Kf5 Nd4+ 59. Ke4 Nc6 60. Kf5 Kf7 61. e6+ Kg7 62. Nd5 Kf8 63. Kf6 Ke8 64. e7 Kd7 65. Nb6+ Ke8 66. Nd5 Nxe7 67. Nxe7 h5 68. Nf5 Kd7 69. Kg5 1/2-1/2

[Event "45th Olympiad 2024"]
[Site "Budapest HUN"]
[Date "2024.09.15"]
[Round "5.16"]
[Board "4"]
[White "Postny, Evgeny"]
[Black "Valderrama Quiceno, Esteban Alb"]
[Result "1/2-1/2"]
[WhiteElo "2577"]
[BlackElo "2418"]
[PlyCount "74"]
[EventDate "2024.09.11"]
[WhiteTeam "Israel"]
[BlackTeam "Colombia"]
[WhiteTeamCountry "ISR"]
[BlackTeamCountry "COL"]

1. d4 Nf6 2. c4 e6 3. Nf3 d5 4. Nc3 Be7 5. Bg5 O-O 6. e3 Nbd7 7. Rc1 dxc4 8. Bxc4 c5 9. O-O a6 10. Bd3 cxd4 11. Nxd4 Ne5 12. Bb1 Bd7 13. Ne4 $146 ({RR} 13. Qc2 Ng6 14. Rfd1 Rc8 15. Nf3 Re8 16. Qb3 b5 17. Bxg6 hxg6 18. Ne5 Rc7 19. Ne2 Rxc1 20. Nxc1 Nd5 21. Bxe7 Rxe7 22. e4 Nf4 23. Qe3 {1-0 Babula,V (2575)-Koutsin,S (2415) CZE-chT 9899 1998 (4)}) ({RR} 13. Qc2 g6 14. Rfd1 Re8 15. Qb3 Qb8 16. Bf4 Bd6 17. Ne4 Nxe4 18. Bxe4 Rc8 19. Bxb7 Rxc1 20. Rxc1 Ra7 21. Be4 Qxb3 22. Nxb3 f6 23. Rd1 Be7 24. Nd4 Kf7 25. h3 a5 26. Kh1 Be8 27. Bg3 Ra6 {½-½ Yuferov,S (2435)-Vasiliev,R (2390) Goldberg Memorial 1990 (8)}) 13... Nc6 14. Qd3 Nxe4 15. Qxe4 g6 16. Bh6 Re8 17. Rfd1 Qb6 18. Nxc6 Bxc6 19. Qe5 Bf8 20. Bxf8 Rxf8 21. h4 Qb4 22. Qf6 Rfe8 23. a3 Qe7 24. Qf4 h5 25. Qg5 Qxg5 26. hxg5 Red8 27. f3 Kf8 28. Kf2 Ke7 29. Bc2 a5 30. Bb3 Rxd1 31. Rxd1 a4 32. Bc4 Ra5 33. f4 Rc5 34. Bd3 Bb5 35. Be4 Bc6 36. Bd3 Bb5 37. Be4 Bc6 1/2-1/2

[Event "45th Olympiad 2024"]
[Site "Budapest HUN"]
[Date "2024.09.15"]
[Round "5.17"]
[Board "1"]
[White "Stefansson, Vignir Vatnar"]
[Black "Cheparinov, Ivan"]
[Result "0-1"]
[WhiteElo "2531"]
[BlackElo "2628"]
[PlyCount "84"]
[EventDate "2024.09.11"]
[WhiteTeam "Iceland"]
[BlackTeam "Bulgaria"]
[WhiteTeamCountry "ISL"]
[BlackTeamCountry "BUL"]

1. e4 c5 2. Nf3 d6 3. d4 cxd4 4. Qxd4 Nf6 5. Nc3 Nc6 6. Qe3 g6 7. Bc4 Bg7 8. O-O ({RR} 8. h3 O-O 9. O-O Nd7 10. Rd1 b6 11. Nd5 Bb7 12. c3 Rc8 13. Bb3 Nc5 14. Bc2 e6 15. Nf4 Qe7 16. Qe2 Rfd8 17. Rb1 Ne5 18. Nd4 a6 19. a4 h5 20. f3 Qf6 21. Qf2 h4 22. b3 d5 {1-0 Aronian,L (2773)-Carlsen,M (2863) Chess24 Banter Blitz Cup Final 2020 (3.2)}) 8... O-O 9. Rd1 $146 ({RR} 9. h3 Na5 10. Be2 Be6 11. Rd1 Qc8 12. Qg5 Nc4 13. Qh4 a6 14. a4 Qc7 15. Bxc4 Bxc4 16. a5 Rfe8 17. Bh6 Rac8 18. Bxg7 Kxg7 19. Qg5 Qc6 20. Nd4 Qc5 21. Qe3 Kg8 22. Qe1 e5 23. Na4 Qc7 {1-0 Zhu,J (2463)-Raja,R (2532) III Menorca Open 2024 (8.17)}) ({RR} 9. h3 a6 10. a4 Be6 11. Bxe6 fxe6 12. e5 Nd5 13. Nxd5 exd5 14. e6 Rc8 15. c3 Ne5 16. Nxe5 dxe5 17. Qa7 Qc7 18. Be3 Rf6 19. Rad1 Qc6 20. a5 Rxe6 21. Rfe1 Rf6 22. Bg5 Rf7 23. Qe3 e6 {0-1 Brodsky,D (2515)-Ghafourian,A (2113) Titled Tue 26th Mar Late 2024 (7)}) ({RR} 9. h3 a6 10. Rd1 Nd7 11. Nd5 b5 12. Bf1 Bb7 13. c3 Rc8 14. Qf4 Nce5 15. Nxe5 Bxe5 16. Qh4 e6 17. Ne7+ Kh8 18. Bg5 f6 19. Nxg6+ Kg8 20. Nxf8 fxg5 21. Qxh7+ Kxf8 22. Rd3 Qe7 23. Rf3+ Nf6 {0-1 Seo,J (2505)-Puzyrevsky,S (2246) Titled Tue 3rd Sep Early 2024 (5)}) 9... Bg4 10. e5 Nxe5 11. Nxe5 Bxd1 12. Nxf7 Rxf7 13. Bxf7+ Kxf7 14. Nxd1 d5 15. Qb3 Qb6 16. Be3 Qxb3 17. axb3 a6 18. Bd4 e5 19. Bxe5 Re8 20. f4 Ng4 21. Nc3 Bxe5 22. fxe5 Rxe5 23. Rf1+ Ke7 24. Nd1 Ke6 25. h3 Nf6 26. Rf3 Re1+ 27. Rf1 Rxf1+ 28. Kxf1 d4 29. Ke2 Ke5 30. Nf2 Kf4 31. c3 dxc3 32. bxc3 Ne4 33. Nd3+ Kg3 34. c4 Kxg2 35. Ke3 Nd6 36. Nf4+ Kg3 37. c5 Nf7 38. Ke4 g5 39. Ne6 Kxh3 40. Kf5 h5 41. Kg6 Kg4 42. Kxf7 h4 0-1

[Event "45th Olympiad 2024"]
[Site "Budapest HUN"]
[Date "2024.09.15"]
[Round "5.17"]
[Board "2"]
[White "Naiditsch, Arkadij"]
[Black "Kjartansson, Gudmundur"]
[Result "0-1"]
[WhiteElo "2643"]
[BlackElo "2478"]
[PlyCount "80"]
[EventDate "2024.09.11"]
[WhiteTeam "Bulgaria"]
[BlackTeam "Iceland"]
[WhiteTeamCountry "BUL"]
[BlackTeamCountry "ISL"]

1. Nf3 Nf6 2. g3 g6 3. c4 c6 4. b3 Bg7 5. Bb2 d6 6. Bg2 e5 7. d3 Nbd7 8. O-O O-O 9. Nc3 ({RR} 9. Qc2 Re8 10. Nbd2 Qc7 11. b4 Nf8 12. Rac1 h6 13. Rfe1 a5 14. a3 axb4 15. axb4 Bf5 16. e4 Bg4 17. d4 Bxf3 18. Nxf3 N6d7 19. Rcd1 Ne6 20. dxe5 Nxe5 21. Qb3 Nxf3+ 22. Bxf3 c5 23. Bxg7 Kxg7 {½-½ Supi,L (2577)-Nyzhnyk,I (2662) PRO League Stage rapid 2020 (1)}) 9... Re8 10. Qc2 a6 ({RR} 10... Nf8 11. b4 h6 12. a4 a5 13. b5 d5 14. bxc6 bxc6 15. cxd5 cxd5 16. Nb5 e4 17. Nfd4 Ne6 18. Nc6 Qb6 19. Rab1 Bb7 20. Ncd4 Rac8 21. Qd2 Nc5 22. Ba3 Qa6 23. Rfc1 Nfd7 24. Bh3 f5 25. dxe4 {1-0 Arabidze,M (2458)-Zaksaite,S (2212) Swiss Queens Wed #9 2024 (6.167)}) 11. Rac1 Rb8 $146 ({RR} 11... b5 12. Nd2 b4 13. Nce4 Nxe4 14. Nxe4 Nf8 15. c5 d5 16. Nd6 Re7 17. e4 d4 18. f4 exf4 19. gxf4 Rc7 20. Rce1 a5 21. e5 Ne6 22. f5 gxf5 23. Rxf5 Qh4 24. Re4 Qd8 25. Rg4 Nf8 26. Qf2 {1-0 Cekro,E (2410)-Vanderwaeren,S (2315) BEL-ch Geel 1996 (6)}) 12. Ne4 Nxe4 13. dxe4 a5 14. Bh3 Nc5 15. Bxc8 Qxc8 16. Ba3 b6 17. Rcd1 Bf8 18. e3 Qh3 19. Nd2 h5 20. Nb1 h4 21. Nc3 Be7 22. Qe2 hxg3 23. fxg3 Kg7 24. Qf3 f6 25. Rf2 Rbd8 26. Rdd2 Rh8 27. Qd1 Qh5 28. h4 Kf7 29. Rf3 Ke6 30. Bxc5 bxc5 31. Rh2 Rdf8 32. Qf1 f5 33. Rhf2 Qg4 34. Qg2 Kd7 35. Kh2 g5 36. Rxf5 gxh4 37. Kg1 hxg3 38. R2f3 Rfg8 39. Rf7 Rh2 40. Qxg3 Rc2 0-1